000
00332nam a22001337a 4500
003
SGT
020
_a
978-93-81124-78-9
082
_a
370
_b
MASD
100
_a
मदान, पूनम
245
_a
ज्ञान एवं पाठ्यचर्या
260
_a
U.P.
_b
AGARWAL PUB
_c
2018
300
_a
208
942
_2
ddc
_c
BK
999
_c
17149
_d
17149